Statistics for People with M Initials Quiz

Click here to take the quiz!

General Stats

  • This quiz has been taken 32,139 times
    (10,123 since last reset)
  • The average score is 15 of 24

Answer Stats

Initials Clue Person % Correct
MAHe floated like a butterfly,
but stung like a bee
Muhammad Ali
96%
MJHe was the "King of Pop"Michael Jackson
95%
MKHe had a dreamMartin Luther King
94%
MM1950s blonde bombshellMarilyn Monroe
90%
MZFounder of FacebookMark Zuckerberg
88%
MGIndian independence leaderMohandas Gandhi
85%
MPWinner of 8 gold medals in 2008Michael Phelps
77%
MTBiter of Evander Holyfield's earMike Tyson
77%
MDBen Affleck's friendMatt Damon
76%
MCNotable twerkerMiley Cyrus
74%
MX1960s Nation of Islam spokesmanMalcolm X
69%
MHActor who used the forceMark Hamill
68%
MOOne of the "Full House" twinsMary-Kate Olsen
67%
MR"Sleepless in Seattle"Meg Ryan
63%
MFHe drove Miss DaisyMorgan Freeman
58%
MBActor who yelled "STELLA!!!!"Marlon Brando
53%
MVThe 8th U.S. PresidentMartin Van Buren
50%
MNPanamanian leader deposed
by the U.S. in 1989
Manuel Noriega
40%
MWFormer leader of the Funky BunchMark Wahlberg
36%
MLPittsburgh Penguins greatMario Lemieux
27%
MSBirth control activistMargaret Sanger
or Marie Stopes
23%
MYStar of "Crouching Tiger,
Hidden Dragon"
Michelle Yeoh
19%
MIWinner of five consecutive
Tours de France
Miguel IndurĂ¡in
17%
MEFounder of Christian ScienceMary Baker Eddy
11%

Score Distribution

Percentile by Number Answered

Percent of People with Each Score

Your Score History

You have not taken this quiz since the last reset